1212 1040 1013 1418 1898 1459 1124 1787 1334 1230 1238 1570 1364 1035 1351 1352 1749 1016 1799 1974 1766 1363 1554 1449 1052 1563 1371 1421 1432 1623 1927 1346 1368 1437 1796 1864 1844 1451 1378 1284 1580 1721 1980 1686 1599 1195 1283 1200 1903 1818 1048 1259 1909 1289 1612 1717 1421 1142 1581 1813 1136 1705 1549 1070 1542 1150 1570 1483 1120 1766 1347 1924 1921 1169 1895 1681 1991 1451 1290 1993 1410 1424 1552 1459 1680 1405 1707 1795 1395 1129 1947 1320 1195 1477 1293 1318 1612 1683 1649 BCNSPRNW ULIB Ver.6.0+V

เปลี่ยนเป็นภาษาไทย

Change to English
 แสดงรายละเอียดบรรณานุกรม
  กลับหน้าหลัก

Brief Record : Get Marc (ISO 2709) : E-mail record : QR code < ปิดหน้าต่าง
LEADER : 00000nam 2200000uu 4500
001    13399124221
003     ULIB
008    150127s2555||||th 000 0 tha d
020    ^a9786162791673
060  4 ^aWJ146^bก311
110 1  ^aมหาวิทยาลัยมหิดล.^bคณะแพทยศาสตร์โรงพยาบาลรามาธิบดี .^bโครงการตำรารามาธิบดี
245 00 ^aกลั้นปัสสาวะไม่อยู่ :^bปัญหาที่ไม่ควรละเลย /^cบรรณาธิการ วชิร คชการ
246 30 ^aคู่มือความรู้ภาคประชาชนเรื่องกลั้นปัสสาวะไม่อยู่ :^bปัญหาที่ไม่ควรละเลย
250    ^aพิมพ์ครั้งที่ 1
260    ^aกรุงเทพฯ :^bโครงการตำรารามาธิบดี คณะแพทยศาสตร์โรงพยาบาลรามาธิบดี มหาวิทยาลัยมหิดล,^c2555
300    ^a88 หน้า :^bภาพสีประกอบ
650  7 ^aปัสสาวะ
650  7 ^aกลั้นปัสสาวะไม่ได้, ภาวะการ ^xการดูแล
650  7 ^aUrine
700 0  ^aวชิร คชการ,^eบรรณาธิการ
945    ^p100^l0^i039054
945    ^p100^l0^i039055
945    ^p100^l0^i039056
945    ^p100^l0^i039057
945    ^p100^l0^i039058
945    ^p100^l0^i039059
945    ^p100^l0^i039060
999    ^aเกษร โพธิ์สุวรรณ
รายการนี้ยังไม่มีแท็ก
คุณยังไม่ได้ล็อกอิน คุณสามารถมีกิจกรรมร่วมกับเว็บไซต์ได้ แต่ต้องล็อกอินก่อน ::
  ล็อกอิน

รายการสื่อสารสนเทศ

ลำดับที่ ประเภท เลขเรียก/บาร์โค้ด สถานที่ สถานะ
1. วิทยาศาสตร์การแพทย์ และสุขภาพ
หนังสือสำรอง
สถานะ=หนังสือสำรอง
WJ146 ก311 ฉ.1 
  Barcode: 039054
ห้องสมุดวิทยาเขตสวรรค์ประชารักษ์
►ส่วนจัดเก็บหนังสือเก่า สปร
บนชั้น
  ขอยืม
2. วิทยาศาสตร์การแพทย์ และสุขภาพ
วิทยาศาสตร์การแพทย์ และสุขภาพ
WJ146 ก311 ฉ.2 
  Barcode: 039055
ห้องสมุดวิทยาเขตสวรรค์ประชารักษ์
►ส่วนจัดเก็บหนังสือเก่า สปร
บนชั้น
  ขอยืม
3. วิทยาศาสตร์การแพทย์ และสุขภาพ
วิทยาศาสตร์การแพทย์ และสุขภาพ
WJ146 ก311 ฉ.3 
  Barcode: 039056
ห้องสมุดวิทยาเขตสวรรค์ประชารักษ์
►ส่วนจัดเก็บหนังสือเก่า สปร
บนชั้น
  ขอยืม
4. วิทยาศาสตร์การแพทย์ และสุขภาพ
วิทยาศาสตร์การแพทย์ และสุขภาพ
WJ146 ก311 ฉ.4 
  Barcode: 039057
ห้องสมุดวิทยาเขตสวรรค์ประชารักษ์
►ส่วนจัดเก็บหนังสือเก่า สปร
บนชั้น
  ขอยืม
5. วิทยาศาสตร์การแพทย์ และสุขภาพ
วิทยาศาสตร์การแพทย์ และสุขภาพ
สถานะ=หนังสือเก่า
WJ146 ก311 ฉ.5 
  Barcode: 039058
ห้องสมุดวิทยาเขตสวรรค์ประชารักษ์
►ส่วนจัดเก็บหนังสือเก่า สปร
บนชั้น
  ขอยืม
6. วิทยาศาสตร์การแพทย์ และสุขภาพ
วิทยาศาสตร์การแพทย์ และสุขภาพ
WJ146 ก311 ฉ.6 
  Barcode: 039059
ห้องสมุดวิทยาเขตสวรรค์ประชารักษ์
►ส่วนจัดเก็บหนังสือเก่า สปร
บนชั้น
  ขอยืม
7. วิทยาศาสตร์การแพทย์ และสุขภาพ
วิทยาศาสตร์การแพทย์ และสุขภาพ
WJ146 ก311 ฉ.7 
  Barcode: 039060
ห้องสมุดวิทยาเขตสวรรค์ประชารักษ์
►ส่วนจัดเก็บหนังสือเก่า สปร
บนชั้น
  ขอยืม

รายการใกล้เคียง
    หัวเรื่อง [ปัสสาวะ]
    หัวเรื่อง [Urine]

BibComment


ยังไม่เคยถูกคอมเมนท์

คอมเมนท์ทรัพยากรรายการนี้
  คอมเมนท์: กลั้นปัสสาวะไม่อ..


 Copyright 2026. Bcnsprnw @Library